| 000 | 00627nam a2200181 4500 | ||
|---|---|---|---|
| 001 | 144987 | ||
| 003 | ES-MaACL | ||
| 005 | 20230906201136.0 | ||
| 007 | t| | ||
| 008 | 070214s1970 sp r ||||1| spa d | ||
| 100 | 1 |
_aSmith, William T. _9106935 |
|
| 245 | 1 | 0 |
_aManual de laboratorio de Química General / _cWilliam T. Smith, Jr., Jesse H. Wood ; traducción y adaptación Santiago Vicente Pérez. |
| 260 |
_aMadrid : _bEd. del Castillo, _c1970 ( _fCanales) |
||
| 300 |
_a203 p. : _bil. ; _c28 cm. |
||
| 700 | 1 |
_aWood, Jesse H. _9117307 |
|
| 700 | 1 |
_aVicente Pérez, Santiago. _9114369 |
|
| 852 |
_aES-MaACL _jC-37535 _bR.74013 |
||
| 999 |
_c144987 _d144987 |
||